00635nam a2200205Ia 450000500170000000800410001702000180005808200160007610000180009224500960011025000120020626000420021830000180026065000470027865000280032565000310035370000160038470000160040070000130041620260122095417.0260121s9999||||xx |||||||||||||| ||und|| a9798886131208 a530.78bSRI aSrinivasan, R 0aExperimental techniques in physics and materials sciences :bprinciples and methodologies / a1st ed. aSingapore :bWorld Scientific,c2025. ax, 521p.; pbk aMaterials science — Experimental methods aPhysics — Experiments aScientific instrumentation aRamesh, T G aSundar, C S aUmesh, G